000 00650nam a2200205Ia 4500
001 4191
003 GE_BSU
008 181216s||||||||xx |||||||||||||| ||und||
040 _cGE_BSU
100 _aПектемиров,Г.А.
245 _aСправочник инженера и техника нафтогаз.
245 _cРед. П.Р.Ершов.
250 _aВторое издание перераб. и дополнен.
260 _aМ.
260 _c1954.
300 _a364 стр. 23 см. с илл.
300 _e20 таб.
653 _aСправочник инженера и техника нафтогаз.
942 _cBK
999 _c38201
_d38201